000
00296nam a22001337a 4500
008
170809b xxu||||| |||| 00| 0 eng d
020
_a
9780789729736
041
_a
eng
080
_2
7TH
_a
004
100
_a
35
101
_a
SHK
245
_a
HOW THE INTERNET WORKS
_c
TROLLER,M
942
_2
udc
_c
BK
999
_c
23005
_d
23005